000
00322 a2200157 4500
001
169245
020
_a
040
_c
Magnum
100
_a
Rizzo, Gilda
240
1
0
_a
Alfabetizacao natural
_l
por
245
1
0
_a
Alfabetizacao natural
362
0
_a
1899
440
1
_a
Bertrand Brasil
697
_a
ENSINO
942
_c
BK
999
_c
169245
_d
169245